000 00438nam a2200121Ia 4500
008 160712s9999 xx 000 0 und d
100 _aMolina, Victorio B.
245 _cVictorio B. Molina
_aNon-carcinogenic health risks of heavy metal in mudfish from Laguna Lake
260 _c2012
_bScience Diliman
300 _avol. 24 no. 1
650 _xSCIENCE
856 _uhttp://journals.upd.edu.ph/index.php/sciencediliman/issue/view/341/showToc
999 _c297484
_d297484